[Event "Druzynowe Mistrzostwa Polski Kobiet w Szachach Blyskawicznych"]
[Site "Piotrkow Trybunalski"]
[Date "1899-12-30"]
[Round "1.1"]
[White "Smarsz, Agata"]
[Black "Szczepanik, Magdalena"]
[Result "1-0"]
[WhiteTitle "m"]
[BlackTitle "II"]
[WhiteElo "2094"]
[BlackElo "1030"]

1. e4 c5 2. Nf3 e6 3. d4 Nf6 4. e5 Nd5 5. c4 Nb6 6. d5 exd5 7. cxd5 d6 8. Bb5+
Bd7 9. Bxd7+ N6xd7 10. e6 fxe6 11. dxe6 Nf6 12. O-O Be7 13. Nc3 Nc6 14. Bf4 h6
15. Nb5 Ne4 16. Re1 d5 17. Nc7+ Kf8 18. Nxa8 b6 1-0

[Event "Druzynowe Mistrzostwa Polski Kobiet w Szachach Blyskawicznych"]
[Site "Piotrkow Trybunalski"]
[Date "1899-12-30"]
[Round "1.2"]
[White "Lukasik, Zuzanna"]
[Black "Mikulewicz, Joanna"]
[Result "0-1"]
[WhiteTitle "I"]
[BlackTitle "WFM"]
[WhiteElo "1437"]
[BlackElo "1964"]

1. e4 c5 2. Nf3 d6 3. c3 g6 4. d4 cxd4 5. cxd4 Bg7 6. Nc3 e6 7. Be2 a6 8. O-O Ne7
9. Be3 O-O 10. Rc1 b5 11. a3 Bb7 12. Bd3 Nd7 13. Re1 Rc8 14. Qd2 Re8 15. Bh6 Bh8
16. Qe3 Nc6 17. Red1 Nb6 18. e5 Nd5 19. Qe2 dxe5 20. dxe5 Qe7 21. Ne4 Nxe5 22.
Bg5 f6 23. Nxe5 fxg5 24. Nf3 Nf4 25. Qe3 h6 26. h3 Nd5 27. Qe2 Rf8 28. Nc5 Rxc5
29. Rxc5 Qxc5 30. b4 Qe7 31. Re1 Bc8 32. Nd2 Nf4 33. Qe3 Qf6 34. Be4 Qd4 35. Nf3
Qxe3 36. Rxe3 Bg7 37. Bc6 e5 38. Nxe5 Bxe5 39. Re1 Bf5 40. Bf3 Nd3 41. Rd1 Nb2
42. Rd2 Nc4 43. Rd1 Nxa3 44. Rd6 Nc4 0-1

[Event "Druzynowe Mistrzostwa Polski Kobiet w Szachach Blyskawicznych"]
[Site "Piotrkow Trybunalski"]
[Date "1899-12-30"]
[Round "1.3"]
[White "Leks, Hanna"]
[Black "Sokol, Maria"]
[Result "1-0"]
[WhiteTitle "WIM"]
[BlackTitle "I"]
[WhiteElo "2189"]
[BlackElo "1341"]

1. e4 c5 2. Nf3 e6 3. c4 Nc6 4. Nc3 a6 5. a3 Qc7 6. d4 cxd4 7. Nxd4 Nxd4 8. Qxd4
d6 9. Be2 Nf6 10. O-O Be7 11. Be3 O-O 12. Kh1 Bd7 13. b4 Rfd8 14. Rac1 e5 15.
Qd2 Be6 16. f3 Rac8 17. a4 Qd7 18. Bb6 Re8 19. Qa2 Qc6 20. a5 Bd8 21. Na4 Bxb6
22. Nxb6 Rcd8 23. Qd2 Nd7 24. b5 axb5 25. cxb5 Qxb6 26. axb6 Nc5 27. Bc4 Bxc4
28. Rxc4 Ra8 29. Qxd6 Ne6 30. g3 Ra5 31. Qxe5 f6 32. Qd5 Raa8 33. Rc7 Kh8 34.
Rxb7 Rac8 35. Qd7 h5 36. Rc7 Nxc7 37. bxc7 Kh7 38. b6 Ra8 39. b7 Ra7 40. Qxe8
Rxb7 41. Qxh5+ Kg8 42. c8=R# 1-0

[Event "Druzynowe Mistrzostwa Polski Kobiet w Szachach Blyskawicznych"]
[Site "Piotrkow Trybunalski"]
[Date "1899-12-30"]
[Round "1.4"]
[White "Wolniaczyk, Daria"]
[Black "Majdan, Joanna"]
[Result "0-1"]
[WhiteTitle "I"]
[BlackTitle "WGM"]
[WhiteElo "1629"]
[BlackElo "2321"]

1. e4 c5 2. Nf3 d6 3. d4 cxd4 4. Nxd4 Nf6 5. Nc3 g6 6. Be3 Bg7 7. Be2 O-O 8. O-O
Nc6 9. Qd2 Ng4 10. Bxg4 Bxg4 11. f3 Bd7 12. Kh1 Re8 13. Rfd1 Rc8 14. Nxc6 Rxc6
15. Bd4 Qa5 16. Bxg7 Kxg7 17. Nd5 Qxd2 18. Rxd2 f5 19. exf5 Bxf5 20. c3 Kf7 21.
Rad1 Rc5 22. Ne3 Be6 23. Kg1 Rec8 24. a3 b5 25. Kf2 a5 26. Nc2 Bb3 27. Re1 Bxc2
28. Rxc2 b4 29. axb4 axb4 30. Re3 b3 31. Rce2 R8c7 32. g4 Ra5 33. Re4 Rb7 34.
h4 Ra1 35. Rf4+ Ke8 36. Rfe4 Kd8 37. Rf4 e5 38. Rf8+ Ke7 39. Rc8 Rc1 40. Rc6 Kd7
41. Rc4 Rc2 42. Rce4 Kc6 43. Kg3 Kc5 44. f4 exf4+ 45. Kxf4 Rf7+ 46. Kg5 Rf2 47.
Rxf2 Rxf2 48. Kh6 Rxb2 49. Kxh7 Rh2 50. Kxg6 Rxh4 51. Rb4 b2 52. Kg5 Rh2 53. Kg6
d5 54. g5 d4 55. Rxd4 b1=Q+ 56. Kf7 Rf2+ 57. Ke7 Qb7+ 58. Rd7 Re2+ 59. Kd8 Qb8#
0-1

[Event "Druzynowe Mistrzostwa Polski Kobiet w Szachach Blyskawicznych"]
[Site "Piotrkow Trybunalski"]
[Date "1899-12-30"]
[Round "1.5"]
[White "Przezdziecka, Ewa"]
[Black "Guzik, Natalia"]
[Result "1-0"]
[WhiteTitle "WFM"]
[BlackTitle "I++"]
[WhiteElo "2047"]
[BlackElo "1656"]

1. d4 d5 2. Nf3 Nf6 3. Bg5 e6 4. e3 Be7 5. c4 c6 6. Nc3 Nbd7 7. Qc2 O-O 8. Rd1
Re8 9. Bd3 dxc4 10. Bxc4 b5 11. Bd3 Bb7 12. O-O a6 13. Ne5 h6 14. Bf4 Nh5 15.
Nxf7 Qb6 16. Bh7+ Kxf7 17. Bg6+ Kg8 18. Bxh5 Rf8 19. Bg4 c5 20. d5 Nf6 21. Bxe6+
Kh8 22. Qg6 Bc8 23. Bxh6 gxh6 24. Qxh6+ Nh7 25. Ne4 Bxe6 26. dxe6 Qc6 27. Ng3
Rg8 28. Rd7 Bg5 29. Qxh7# 1-0

[Event "Druzynowe Mistrzostwa Polski Kobiet w Szachach Blyskawicznych"]
[Site "Piotrkow Trybunalski"]
[Date "1899-12-30"]
[Round "1.6"]
[White "Bakalarczyk, Zuzanna"]
[Black "Korosciel, Aneta"]
[Result "0-1"]
[WhiteTitle "I"]
[BlackTitle "m"]
[WhiteElo "1298"]
[BlackElo "1944"]

1. e4 e5 2. Nf3 Nf6 3. Nc3 Bb4 4. d3 Nc6 5. Bg5 O-O 6. Be2 h6 7. Bh4 Re8 8. O-O
Be7 9. Bg3 d6 10. h3 Bf8 11. Nd5 Nxd5 12. exd5 Ne7 13. c4 Ng6 14. Re1 f5 15. Bh2
Bd7 16. Nd2 Qf6 17. Bh5 Re7 18. Qc2 Qg5 19. Bxg6 Qxg6 20. Nf3 f4 21. Nh4 Qh5 22.
g3 Bxh3 23. Ng2 Bxg2 24. Kxg2 f3+ 25. Kg1 Qh3 0-1

[Event "Druzynowe Mistrzostwa Polski Kobiet w Szachach Blyskawicznych"]
[Site "Piotrkow Trybunalski"]
[Date "1899-12-30"]
[Round "2.1"]
[White "Szczepanik, Magdalena"]
[Black "Wolniaczyk, Daria"]
[Result "0-1"]
[WhiteTitle "II"]
[BlackTitle "I"]
[WhiteElo "1030"]
[BlackElo "1629"]

1. e4 e5 2. Nf3 Nc6 3. Bb5 Nge7 4. Nc3 a6 5. Ba4 d6 6. d4 exd4 7. Nxd4 Bd7 8. Nxc6
Bxc6 9. Bxc6+ Nxc6 10. Bf4 g6 11. Bg3 Bg7 12. Qd2 Qe7 13. O-O O-O 14. Rfe1 Rae8
15. Nd5 Qd7 16. Bh4 Ne5 17. Nf6+ Bxf6 18. Bxf6 Qe6 19. Bxe5 Qxe5 20. Qd5 Qxd5
21. exd5 Kg7 22. Rxe8 Rxe8 23. h3 h6 24. c4 Kf6 25. b4 Re4 26. Rc1 Rd4 27. a4
c6 28. dxc6 bxc6 29. c5 d5 30. b5 Rxa4 31. bxc6 Ke7 32. c7 Kd7 33. c6+ 0-1

[Event "Druzynowe Mistrzostwa Polski Kobiet w Szachach Blyskawicznych"]
[Site "Piotrkow Trybunalski"]
[Date "1899-12-30"]
[Round "2.2"]
[White "Guzik, Natalia"]
[Black "Lukasik, Zuzanna"]
[Result "1-0"]
[WhiteTitle "I++"]
[BlackTitle "I"]
[WhiteElo "1656"]
[BlackElo "1437"]

1. e4 c5 2. Nf3 e6 3. d4 cxd4 4. Nxd4 a6 5. c4 Nc6 6. Be3 Qc7 7. Nc3 Nf6 8. Bd3
Be7 9. O-O d6 10. h3 Nd7 11. f4 Nc5 12. Bc2 b6 13. f5 Nxd4 14. Bxd4 Bb7 15. fxe6
fxe6 16. Bxg7 Rg8 17. Qh5+ Kd8 18. Qxh7 Re8 19. Bf6 Bc6 20. Bxe7+ Rxe7 21. Rf8+
Kd7 22. Rf7 Rae8 23. Raf1 b5 24. cxb5 axb5 25. Rxe7+ Rxe7 26. Rf7 Kd8 27. Rxe7
Qxe7 28. Qxe7+ Kxe7 29. Kf2 Kf6 30. Ke3 Nd7 31. Bd3 b4 32. Nb5 Ke7 33. Nd4 Bb7
34. Nc2 d5 35. Nxb4 Nc5 36. exd5 exd5 37. Be2 Kf6 38. Bf3 Ke6 39. Kd4 Kd6 40.
Nxd5 Ne6+ 41. Kc4 Nf4 42. Nxf4 1-0

[Event "Druzynowe Mistrzostwa Polski Kobiet w Szachach Blyskawicznych"]
[Site "Piotrkow Trybunalski"]
[Date "1899-12-30"]
[Round "2.3"]
[White "Sokol, Maria"]
[Black "Bakalarczyk, Zuzanna"]
[Result "1-0"]
[WhiteTitle "I"]
[BlackTitle "I"]
[WhiteElo "1341"]
[BlackElo "1298"]

1. e4 e5 2. Nf3 Nc6 3. Bb5 a6 4. Ba4 Nf6 5. O-O b5 6. Bb3 Bc5 7. c3 O-O 8. Bc2
d6 9. h3 Bb7 10. Re1 h6 11. d4 exd4 12. cxd4 Bb6 13. a3 Re8 14. Nc3 Ne7 15. Qd3
Ng6 16. Qe2 Qd7 17. Qd3 Rad8 18. d5 Ne5 19. Nxe5 dxe5 20. Be3 Bxe3 21. Qxe3 c6
22. Rad1 cxd5 23. Nxd5 Bxd5 24. exd5 Qb7 25. Be4 Rd6 26. Re2 Red8 27. Red2 Qc7
28. Rc2 Qe7 29. Rcd2 Qb7 30. Kh1 Nxe4 31. Qxe4 f6 32. b4 Qa8 33. Rd3 a5 34. f3
axb4 35. axb4 Qb7 36. R3d2 Rc8 37. Qg6 Rc4 38. Qe8+ Kh7 39. Qf8 Qc7 40. Rb2 Rc1
41. Rbd2 Rxd1+ 42. Rxd1 Qd7 43. Qa8 Qc7 44. Qa1 Qc4 45. Qb1+ Kh8 46. Rc1 Qxc1+
47. Qxc1 Rxd5 48. Qc8+ Kh7 49. Qc6 Rd1+ 50. Kh2 Rb1 51. Qxb5 Kg8 52. Qc4+ Kf8
53. b5 Rd1 54. b6 Rd8 55. Qc7 Re8 56. b7 Kg8 57. b8=Q Rxb8 58. Qxb8+ Kh7 59. Qb1+
Kg8 60. Qg6 Kf8 61. Kg3 Kg8 62. Kg4 Kf8 63. Kf5 Kg8 64. Ke6 Kh8 65. Kf7 e4 66.
Qxg7# 1-0

[Event "Druzynowe Mistrzostwa Polski Kobiet w Szachach Blyskawicznych"]
[Site "Piotrkow Trybunalski"]
[Date "1899-12-30"]
[Round "2.4"]
[White "Szczepkowska, Karina"]
[Black "Smarsz, Agata"]
[Result "1-0"]
[WhiteTitle "IM"]
[BlackTitle "m"]
[WhiteElo "2314"]
[BlackElo "2094"]

1. d4 d5 2. c4 e6 3. Nf3 Nf6 4. e3 Be7 5. Nc3 O-O 6. Bd3 b6 7. cxd5 exd5 8. O-O
Bb7 9. Ne5 Nbd7 10. f4 c5 11. Bd2 Rc8 12. Be1 Ne4 13. Rc1 Ndf6 14. Qf3 c4 15.
Bxe4 dxe4 16. Qe2 Ba6 17. Bh4 Kh8 18. Bxf6 gxf6 19. Ng4 f5 20. Nh6 Bf6 21. Nxf5
Bb7 22. Rcd1 Rg8 23. Nh6 Rg7 24. Ng4 Be7 25. d5 Qg8 26. h3 f5 27. Ne5 Bf6 28.
Kh1 Rg3 29. Qh5 Rf8 30. Rf2 Rxe3 31. d6 Bxe5 32. fxe5 Bc6 33. Rxf5 Be8 34. Rxf8
Qxf8 35. Qg5 Qf7 36. Qxe3 1-0

[Event "Druzynowe Mistrzostwa Polski Kobiet w Szachach Blyskawicznych"]
[Site "Piotrkow Trybunalski"]
[Date "1899-12-30"]
[Round "2.5"]
[White "Mikulewicz, Joanna"]
[Black "Cieslak, Wiktoria"]
[Result "0-1"]
[WhiteTitle "WFM"]
[BlackTitle "k++"]
[WhiteElo "1964"]
[BlackElo "1876"]

1. e4 c5 2. Nf3 d6 3. d4 cxd4 4. Nxd4 Nf6 5. Nc3 a6 6. Be3 Ng4 7. Bc1 e5 8. Nb3
Be6 9. Be2 Nf6 10. O-O Be7 11. Be3 O-O 12. a4 Nbd7 13. f4 exf4 14. Bxf4 Ne5 15.
Nd4 Rc8 16. Bd3 Qb6 17. Nce2 Nfd7 18. b3 Bf6 19. Kh1 Nxd3 20. Qxd3 Nc5 21. Qe3
Bg4 22. Ng3 Nxe4 23. Qxe4 Bxd4 24. Rad1 Bxd1 25. Rxd1 Bc5 26. Nf5 Rfe8 27. Qf3
Rcd8 28. Qg4 g6 29. Nh6+ Kg7 30. Bg5 f6 31. Bc1 Qb4 32. Qf3 Re1+ 0-1

[Event "Druzynowe Mistrzostwa Polski Kobiet w Szachach Blyskawicznych"]
[Site "Piotrkow Trybunalski"]
[Date "1899-12-30"]
[Round "2.6"]
[White "Kucharska, Honorata"]
[Black "Leks, Hanna"]
[Result "1-0"]
[WhiteTitle "WFM"]
[BlackTitle "WIM"]
[WhiteElo "1799"]
[BlackElo "2189"]

1. e4 c5 2. Nc3 Nc6 3. g3 g6 4. Bg2 Bg7 5. d3 d6 6. Be3 e5 7. Qd2 Nge7 8. Nge2
O-O 9. O-O Nd4 10. f4 f5 11. Rae1 Rb8 12. Nd1 b5 13. c3 Nxe2+ 14. Qxe2 Be6 15.
fxe5 Bxe5 16. Bg5 Qc7 17. Ne3 fxe4 18. dxe4 Bxa2 19. Bh6 Rf7 20. Nd5 Bxd5 21.
exd5 Nf5 22. Bf4 Bxf4 23. Rxf4 Re7 24. Re4 Rb7 25. Re6 c4 26. Qf2 Qb6 27. Qxb6
axb6 28. g4 Kf7 29. gxf5 gxf5 30. Rxe7+ Rxe7 31. Rxe7+ Kxe7 32. Kf2 Kf6 33. Ke3
Ke5 34. Bf3 f4+ 35. Kf2 Kf5 36. Kg2 Kg5 37. Be4 h5 38. Kf3 Kh4 39. Kxf4 Kh3 40.
Kf5 h4 41. Ke6 Kxh2 42. Kxd6 1-0

[Event "Druzynowe Mistrzostwa Polski Kobiet w Szachach Blyskawicznych"]
[Site "Piotrkow Trybunalski"]
[Date "1899-12-30"]
[Round "3.1"]
[White "Wolniaczyk, Daria"]
[Black "Szczepkowska, Karina"]
[Result "0-1"]
[WhiteTitle "I"]
[BlackTitle "IM"]
[WhiteElo "1629"]
[BlackElo "2314"]

1. e4 e5 2. Nf3 Nc6 3. Bc4 Nf6 4. d3 Be7 5. Nc3 O-O 6. O-O d6 7. h3 Na5 8. Bb3
Nxb3 9. axb3 c6 10. Bg5 h6 11. Bxf6 Bxf6 12. Re1 Re8 13. Ne2 d5 14. Ng3 g6 15.
c3 Bg7 16. d4 exd4 17. Nxd4 dxe4 18. Nxe4 a6 19. Nf3 Bf5 20. Nc5 Rxe1+ 21. Qxe1
Qc7 22. Qe3 Bf8 23. Nd3 Rd8 24. Nde5 Re8 25. Qd4 c5 26. Qd5 Be6 27. Qe4 Bxb3 28.
Re1 Bg7 29. Qf4 g5 30. Qg3 Be6 31. Nxg5 hxg5 32. Qxg5 Qe7 33. Qe3 Bf5 34. g4 Bh7
35. f4 f6 36. Qd3 Bxd3 0-1

[Event "Druzynowe Mistrzostwa Polski Kobiet w Szachach Blyskawicznych"]
[Site "Piotrkow Trybunalski"]
[Date "1899-12-30"]
[Round "3.2"]
[White "Cieslak, Wiktoria"]
[Black "Guzik, Natalia"]
[Result "1-0"]
[WhiteTitle "k++"]
[BlackTitle "I++"]
[WhiteElo "1876"]
[BlackElo "1656"]

1. e4 c5 2. Nf3 Nc6 3. d4 cxd4 4. Nxd4 g6 5. c4 Bg7 6. Be3 d6 7. Nc3 Nf6 8. f3
O-O 9. Qd2 Nxd4 10. Bxd4 Bd7 11. Be2 Bc6 12. O-O Nd7 13. Be3 Qa5 14. Rac1 Rfd8
15. Rfd1 e6 16. Bf4 Ne5 17. b3 d5 18. exd5 exd5 19. Nxd5 Qc5+ 20. Qe3 Qxe3+ 21.
Nxe3 a6 22. Nc2 Nd7 23. Nd4 Nf8 24. Nxc6 bxc6 25. Bd3 Ne6 26. Be3 Rd7 27. Be4
Rc7 28. Bb6 Rcc8 29. Rd6 c5 30. Bxa8 Rxa8 31. Rcd1 Bd4+ 32. Kf1 Nf4 33. Rd8+ Rxd8
34. Bxd8 Kf8 35. Bc7 Ne6 36. Bd6+ Ke8 37. Bg3 Kd7 38. Bf2 Kc6 39. Bxd4 Nxd4 40.
Kf2 Nf5 41. Rd5 Kb6 42. a3 Nd4 43. b4 Nb3 44. Rd6+ Kc7 45. Rxa6 cxb4 46. axb4
Nd4 47. Ra7+ Kd6 48. Rxf7 h5 49. Rf6+ Ke5 50. Rxg6 Ne6 51. Rxe6+ Kxe6 52. Ke3
Kd6 53. Kd4 Kc6 54. c5 Kb7 55. b5 Kc8 56. Kd5 Kc7 57. b6+ Kb8 58. Kd6 Kc8 59.
c6 Kb8 60. c7+ Kb7 61. Kd7 Ka6 62. c8=Q+ Kxb6 63. Kd6 Ka5 64. Qb7 Ka4 65. Kc5
Ka3 66. Kc4 Ka2 67. Kc3 Ka1 68. Qb2# 1-0

[Event "Druzynowe Mistrzostwa Polski Kobiet w Szachach Blyskawicznych"]
[Site "Piotrkow Trybunalski"]
[Date "1899-12-30"]
[Round "3.3"]
[White "Bakalarczyk, Zuzanna"]
[Black "Kucharska, Honorata"]
[Result "0-1"]
[WhiteTitle "I"]
[BlackTitle "WFM"]
[WhiteElo "1298"]
[BlackElo "1799"]

1. e4 e6 2. d4 d5 3. e5 c5 4. c3 Nc6 5. Nf3 Bd7 6. Bd3 Qb6 7. Bc2 Rc8 8. O-O cxd4
9. cxd4 Nge7 10. Nc3 Ng6 11. Na4 Qd8 12. Be3 Be7 13. Rc1 O-O 14. Bb1 b5 15. Nc3
a6 16. a3 Na5 17. Bd3 Nc4 18. Ra1 Nxb2 19. Qe2 Nc4 20. Bc1 Qb6 21. Bxc4 Rxc4 22.
Nd1 Rfc8 23. Ne3 R4c7 24. Bb2 b4 25. axb4 Bb5 26. Qd2 Bxf1 27. Rxf1 Bxb4 28. Qe2
a5 29. Ra1 Ne7 30. Nd2 Bxd2 31. Qxd2 Nc6 32. Bc3 Ra7 33. Ra4 Qb1+ 34. Nf1 Rca8
35. h3 Ra6 36. Qe2 Qb3 37. Ra1 Qxc3 38. Ra2 h6 39. Rc2 Nxd4 40. Rd2 Nxe2+ 41.
Rxe2 a4 42. Ra2 a3 43. Kh2 Qc4 44. Ra1 a2 45. Ne3 Qd4 46. Nc2 Qxe5+ 47. g3 Qxa1
48. Nxa1 Rb6 49. Kg2 Rb1 50. Nc2 a1=Q 51. Nxa1 Raxa1 52. Kf3 Rb2 53. h4 Raa2 54.
Ke3 e5 55. f4 Ra3# 56. Kd4 0-1

[Event "Druzynowe Mistrzostwa Polski Kobiet w Szachach Blyskawicznych"]
[Site "Piotrkow Trybunalski"]
[Date "1899-12-30"]
[Round "3.4"]
[White "Majdan, Joanna"]
[Black "Szczepanik, Magdalena"]
[Result "1-0"]
[WhiteTitle "WGM"]
[BlackTitle "II"]
[WhiteElo "2321"]
[BlackElo "1030"]

1. e4 c5 2. Nc3 e6 3. g3 Nc6 4. Bg2 b6 5. Nge2 Bb7 6. d4 Nf6 7. O-O d5 8. exd5
exd5 9. dxc5 bxc5 10. Bg5 d4 11. Nd5 Be7 12. Nxe7 Qxe7 13. Nf4 O-O 14. Nd5 Qe5
15. Nxf6+ gxf6 16. Bh6 Rfe8 17. Qg4+ Kh8 18. Qg7# Bc8 1-0

[Event "Druzynowe Mistrzostwa Polski Kobiet w Szachach Blyskawicznych"]
[Site "Piotrkow Trybunalski"]
[Date "1899-12-30"]
[Round "3.5"]
[White "Lukasik, Zuzanna"]
[Black "Przezdziecka, Ewa"]
[Result "0-1"]
[WhiteTitle "I"]
[BlackTitle "WFM"]
[WhiteElo "1437"]
[BlackElo "2047"]

1. e4 c5 2. Nf3 Nc6 3. d4 cxd4 4. Nxd4 Nf6 5. Nc3 d6 6. Be3 Ng4 7. Qd2 Nxe3 8.
Qxe3 Qb6 9. Nxc6 Qxe3+ 10. fxe3 bxc6 11. Bd3 g6 12. O-O Rb8 13. Rab1 Bh6 14. Rfe1
Be6 15. a3 Kd7 16. Nd1 c5 17. Nc3 Kc6 18. Bb5+ Rxb5 19. Nxb5 Kxb5 20. Kf2 Bg7
21. Ke2 Be5 22. g3 h5 23. Kd2 h4 24. Rg1 hxg3 25. hxg3 Rh2+ 26. Kd1 Bg4+ 27. Kc1
Re2 28. b3 Rxe3 29. c4+ Kc6 30. Kd2 Rxe4 31. Kd3 Re2 32. Rgf1 f5 33. b4 Rg2 34.
b5+ Kb6 35. Rfe1 Rxg3+ 36. Re3 Rxe3+ 37. Kxe3 g5 38. Rb3 Bd4+ 39. Kd3 e5 40. Kd2
e4 41. Ke1 f4 42. Rb1 f3 43. Kf1 e3 44. Ke1 f2+ 45. Kf1 e2+ 46. Kg2 f1=Q+ 47.
Rxf1 0-1

[Event "Druzynowe Mistrzostwa Polski Kobiet w Szachach Blyskawicznych"]
[Site "Piotrkow Trybunalski"]
[Date "1899-12-30"]
[Round "3.6"]
[White "Korosciel, Aneta"]
[Black "Sokol, Maria"]
[Result "1-0"]
[WhiteTitle "m"]
[BlackTitle "I"]
[WhiteElo "1944"]
[BlackElo "1341"]

1. e4 c5 2. Nf3 e6 3. d3 a6 4. g3 Qc7 5. Bg2 Nf6 6. O-O d6 7. Re1 Be7 8. Bf4 Nc6
9. Nbd2 b5 10. e5 dxe5 11. Nxe5 Nd5 12. Nxc6 Nxf4 13. gxf4 Bb7 14. Nxe7 Qxe7 15.
Bxb7 Qxb7 16. Qf3 Qc8 17. Ne4 O-O 18. Rad1 c4 19. dxc4 Qxc4 20. Qb3 Qc7 21. Ng3
Qxf4 22. Rd3 Qg5 23. Kh1 Qf4 24. Rf3 Qc7 25. Rg1 g6 26. Qc3 Qxc3 27. Rxc3 Rfd8
28. Ne4 Kg7 29. Kg2 Rd4 30. Kf3 b4 31. Rd3 Rc4 32. Rd2 Rac8 33. c3 R8c6 34. cxb4
Rxb4 35. Rgd1 Rcc4 36. Nc3 Rf4+ 37. Ke2 Rf5 38. a3 Rbf4 39. Kf1 Rh4 40. Kg2 Rg5+
41. Kh1 Rgh5 42. f3 Rf5 43. Rf2 Rc4 44. Rd7 Rc6 45. Kg2 Rg5+ 46. Kh1 Rf5 47. Kg2
Rg5+ 48. Kf1 Rf5 49. Ke2 Re5+ 50. Kd2 Rf5 51. Ra7 Rb6 52. Kc2 Re5 53. Ne4 Rd5
54. h4 Rd8 55. Ng5 Rc8+ 56. Kb1 Rf8 57. Re2 Kf6 58. Ne4+ Kg7 59. Nc5 Kf6 60. Rxa6
Rb5 61. Nd7+ Ke7 62. Nxf8 Kxf8 63. Ra8+ Kg7 64. Ra7 Rf5 65. Re3 h6 66. Kc2 Rc5+
67. Kd3 Rd5+ 68. Kc4 Rf5 69. b4 Rf4+ 70. Re4 Rxf3 71. b5 g5 72. hxg5 hxg5 73.
b6 Kg6 74. b7 f5 75. Rxe6+ Kh5 76. b8=Q 1-0

[Event "Druzynowe Mistrzostwa Polski Kobiet w Szachach Blyskawicznych"]
[Site "Piotrkow Trybunalski"]
[Date "1899-12-30"]
[Round "4.1"]
[White "Szczepkowska, Karina"]
[Black "Majdan, Joanna"]
[Result "1/2-1/2"]
[WhiteTitle "IM"]
[BlackTitle "WGM"]
[WhiteElo "2314"]
[BlackElo "2321"]

1. d4 Nf6 2. c4 e6 3. Nf3 d5 4. Nc3 c6 5. e3 dxc4 6. Bxc4 b5 7. Bd3 Bb7 8. O-O
Nbd7 9. e4 b4 10. Na4 c5 11. e5 Nd5 12. dxc5 Rc8 13. Bd2 Be7 14. Rc1 O-O 15. Re1
Nxc5 16. Nxc5 Bxc5 17. Bxh7+ Kh8 18. Bb1 f5 19. exf6 Qxf6 20. Qe2 Nf4 21. Bxf4
Qxf4 22. Rc4 Bxf3 23. gxf3 Bd4 24. Rxc8 Rxc8 25. Qxe6 Rf8 26. Qh3+ Qh6 27. Qxh6+
gxh6 28. Kg2 Bxb2 29. Re7 Rg8+ 30. Kf1 Rc8 31. Be4 a5 32. Ra7 Be5 33. Rxa5 Bxh2
34. Ra7 Bf4 35. Rb7 Rc1+ 36. Kg2 Ra1 37. Rxb4 Rxa2 38. Bd5 Rd2 1/2-1/2

[Event "Druzynowe Mistrzostwa Polski Kobiet w Szachach Blyskawicznych"]
[Site "Piotrkow Trybunalski"]
[Date "1899-12-30"]
[Round "4.2"]
[White "Przezdziecka, Ewa"]
[Black "Cieslak, Wiktoria"]
[Result "1-0"]
[WhiteTitle "WFM"]
[BlackTitle "k++"]
[WhiteElo "2047"]
[BlackElo "1876"]

1. d4 Nf6 2. Nf3 e6 3. Bg5 Be7 4. c3 b6 5. Nbd2 Bb7 6. Qc2 h6 7. Bh4 d5 8. e3 O-O
9. Bd3 Nbd7 10. O-O c5 11. h3 c4 12. Be2 b5 13. Ne5 Ne4 14. Bxe7 Qxe7 15. Nxd7
Qxd7 16. Nxe4 dxe4 17. b3 Rac8 18. bxc4 bxc4 19. Rab1 f6 20. Qb2 Bd5 21. Qb5 Qc7
22. Qa6 Rcd8 23. Rb5 Rd6 24. Qa3 Rc6 25. Rfb1 Rb6 26. Rxb6 axb6 27. Qb4 Rb8 28.
Qb5 Qa7 29. a4 Rb7 30. Bxc4 Bxc4 31. Qxc4 Kf7 32. Qb5 Qb8 33. a5 Qc7 34. c4 f5
35. axb6 Qd6 36. c5 Qd5 37. c6 Rb8 38. Qxd5 exd5 39. c7 Rc8 40. b7 Rxc7 41. b8=Q
Rd7 42. Rb7 Ke6 43. Rxd7 Kxd7 44. Qb7+ Ke6 45. Qc6+ Kf6 1-0

[Event "Druzynowe Mistrzostwa Polski Kobiet w Szachach Blyskawicznych"]
[Site "Piotrkow Trybunalski"]
[Date "1899-12-30"]
[Round "4.3"]
[White "Kucharska, Honorata"]
[Black "Korosciel, Aneta"]
[Result "0-1"]
[WhiteTitle "WFM"]
[BlackTitle "m"]
[WhiteElo "1799"]
[BlackElo "1944"]

1. e4 e5 2. Nf3 Nf6 3. Nxe5 d6 4. Nf3 Nxe4 5. Nc3 Nf6 6. d4 d5 7. Bg5 Be7 8. Be2
Bf5 9. O-O O-O 10. Re1 h6 11. Bh4 Re8 12. h3 c6 13. Bg3 Ne4 14. Nxe4 dxe4 15.
Ne5 Nd7 16. Nxd7 Qxd7 17. c3 Bg5 18. h4 Bf6 19. Bc4 b5 20. Bb3 Qe7 21. Qh5 Bd7
22. d5 a5 23. d6 Qf8 24. a3 a4 25. Ba2 Rad8 26. Rad1 Be6 27. Bxe6 Rxe6 28. Qc5
Qe8 29. Re3 Be5 30. Bxe5 Rxe5 31. Qb6 Qd7 32. c4 bxc4 33. Qb4 Rb5 34. Qxc4 Rxb2
35. Rxe4 Qf5 36. Rf4 Qd7 37. Qd4 Rb3 38. Rg4 f5 39. Rf4 Rxa3 40. Qc4+ Kh8 41.
Qc5 Ra2 42. Rxf5 a3 43. Re5 Rf8 44. Re7 Qg4 45. d7 Qxd1+ 46. Kh2 Qg4 47. Re4 Qxd7
48. Qxf8+ Kh7 49. Re8 Qc7+ 50. Kg1 Ra1+ 0-1

[Event "Druzynowe Mistrzostwa Polski Kobiet w Szachach Blyskawicznych"]
[Site "Piotrkow Trybunalski"]
[Date "1899-12-30"]
[Round "4.4"]
[White "Smarsz, Agata"]
[Black "Wolniaczyk, Daria"]
[Result "1-0"]
[WhiteTitle "m"]
[BlackTitle "I"]
[WhiteElo "2094"]
[BlackElo "1629"]

1. e4 e5 2. Nf3 Nc6 3. Bc4 Bc5 4. O-O Nf6 5. d4 exd4 6. e5 Ne4 7. Bd5 f5 8. exf6
Nxf6 9. Re1+ Ne7 10. Bb3 h6 11. Ne5 d5 12. Ng6 Rg8 13. Bf4 Bf5 14. Nxe7 Bxe7 15.
Bg3 Qd7 16. Qxd4 Ne4 17. Qxd5 Qxd5 18. Bxd5 Nxg3 19. Bxg8 Ne4 20. Bd5 c6 21. Bxe4
Bxe4 22. Rxe4 Kf7 23. Nc3 Rd8 24. Rd1 Re8 25. Rd7 b5 26. Rxa7 Kf6 27. Rexe7 Rxe7
28. Rxe7 Kxe7 29. a4 bxa4 30. Nxa4 Kd6 31. Kf1 Kd5 32. Ke2 c5 33. Kd2 g5 34. b3
Kd4 35. Nxc5 Kxc5 36. Kd3 Kd5 37. c4+ Kc5 38. Kc3 h5 39. b4+ Kc6 40. Kd4 Kb6 41.
Ke5 Kc6 42. Kf5 Kd6 43. Kxg5 Kc6 44. Kxh5 1-0

[Event "Druzynowe Mistrzostwa Polski Kobiet w Szachach Blyskawicznych"]
[Site "Piotrkow Trybunalski"]
[Date "1899-12-30"]
[Round "4.5"]
[White "Guzik, Natalia"]
[Black "Mikulewicz, Joanna"]
[Result "0-1"]
[WhiteTitle "I++"]
[BlackTitle "WFM"]
[WhiteElo "1656"]
[BlackElo "1964"]

1. e4 c5 2. Nf3 d6 3. d4 cxd4 4. Nxd4 Nf6 5. Nc3 a6 6. Be3 Ng4 7. Bc1 e5 8. Nb3
Be6 9. h3 Nf6 10. Be3 Be7 11. Bd3 O-O 12. O-O b5 13. a3 d5 14. exd5 Nxd5 15. Nxd5
Bxd5 16. Qh5 f5 17. Bxf5 Rxf5 18. Qxf5 Bb7 19. Rad1 Qc7 20. Qe6+ Kh8 21. Bb6 Qc6
22. Qxc6 Bxc6 23. Bc5 Bf6 24. Na5 Be8 25. Nb7 Nc6 26. Nd6 Bg6 27. Rd2 Na5 28.
b4 Nc6 29. f4 exf4 30. Bf2 Ne5 31. Bd4 Nc4 32. Nxc4 Bxd4+ 33. Rxd4 bxc4 34. Rxc4
Rd8 35. Re1 h6 36. Rc6 Be8 37. Rxa6 Bb5 38. Rb6 Bc4 39. a4 Rd2 40. Rb8+ Kh7 41.
Rb7 Bd5 42. Rc7 Rxg2+ 43. Kf1 Rd2 44. a5 Bg2+ 45. Kg1 Bxh3 46. a6 f3 47. Rf7 Rg2+
48. Kh1 Rxc2 49. Rxf3 Bg2+ 50. Kg1 Bxf3 51. Re3 Bc6 52. a7 Ra2 53. Re7 Ba8 54.
b5 Kg6 55. b6 Kf6 56. b7 Bxb7 57. Rxb7 g5 58. Kf1 Kf5 59. Ke1 h5 60. Rf7+ Kg4
61. Kd1 h4 62. Kc1 Kg3 63. Kb1 Ra5 64. Kb2 h3 65. Kb3 h2 66. Kb4 Rxa7 67. Rxa7
h1=Q 68. Ra3+ Kf2 69. Ra2+ Kg3 70. Ra3+ Kf4 71. Kc5 Qg1+ 72. Kd6 Qd4+ 73. Ke6
Qe4+ 74. Kf7 g4 75. Kf6 Qe5+ 76. Kg6 Qd6+ 77. Kh7 Qxa3 0-1

[Event "Druzynowe Mistrzostwa Polski Kobiet w Szachach Blyskawicznych"]
[Site "Piotrkow Trybunalski"]
[Date "1899-12-30"]
[Round "4.6"]
[White "Leks, Hanna"]
[Black "Bakalarczyk, Zuzanna"]
[Result "1-0"]
[WhiteTitle "WIM"]
[BlackTitle "I"]
[WhiteElo "2189"]
[BlackElo "1298"]

1. e4 e5 2. Nf3 Nc6 3. Bc4 Bc5 4. c3 Nf6 5. d3 O-O 6. Bb3 d6 7. O-O Bg4 8. h3 Bh5
9. Nbd2 h6 10. Re1 Re8 11. Nf1 d5 12. Qe2 dxe4 13. dxe4 Bg6 14. Ng3 Qe7 15. Bc2
Rad8 16. b4 Bb6 17. a4 a6 18. a5 Ba7 19. Ba4 Qe6 20. Nh4 Bh7 21. Nhf5 Bxf5 22.
Nxf5 Kh7 23. Ba3 g6 24. Ng3 Rg8 25. Rab1 Nb8 26. Bb3 Qe8 27. Qf3 Nbd7 28. Rbd1
Qf8 29. Bc1 Qg7 30. c4 g5 31. Nf5 Qf8 32. c5 Ne8 33. Rd3 Ng7 34. Nxg7 Qxg7 35.
Qxf7 Qxf7 36. Bxf7 Rgf8 37. Be6 Nf6 38. Bf5+ Kg7 39. Red1 b6 40. Rxd8 Rxd8 41.
Rxd8 bxc5 42. Ra8 cxb4 43. Rxa7 b3 44. Bb2 Ne8 45. Bd7 Nd6 46. Bxe5+ Kf7 47. Bxd6
cxd6 48. Rb7 Ke7 49. Ba4+ Ke6 50. Bxb3+ Ke5 51. f3 h5 52. Kf2 g4 53. Ke3 gxh3
54. gxh3 h4 55. f4+ Kf6 56. Rb6 Ke7 57. Rxa6 Kd7 58. Kd4 Ke7 59. Kd5 Kf7 60. Kxd6+
Ke8 61. Ra8# 1-0